<?xml version="1.0" encoding="UTF-8"?>
<record
    xmlns:xsi="http://www.w3.org/2001/XMLSchema-instance"
    xsi:schemaLocation="http://www.loc.gov/MARC21/slim http://www.loc.gov/standards/marcxml/schema/MARC21slim.xsd"
    xmlns="http://www.loc.gov/MARC21/slim">

  <leader>01469nab a2200241   4500</leader>
  <controlfield tag="003">AR-RoBPED</controlfield>
  <controlfield tag="005">20260424150252.0</controlfield>
  <controlfield tag="008">260424b        |||||||| |||| 00| 0 spa d</controlfield>
  <datafield tag="040" ind1=" " ind2=" ">
    <subfield code="a">AR-RoBPED</subfield>
  </datafield>
  <datafield tag="041" ind1=" " ind2=" ">
    <subfield code="a">spa</subfield>
  </datafield>
  <datafield tag="100" ind1="1" ind2=" ">
    <subfield code="a">Prado Pertusatti, Tom&#xE1;s</subfield>
    <subfield code="9">25112</subfield>
    <subfield code="e">Profesor de Filosof&#xED;a y mag&#xED;ster en Educaci&#xF3;n </subfield>
  </datafield>
  <datafield tag="245" ind1="1" ind2="3">
    <subfield code="a">La problematizaci&#xF3;n y sus tensiones did&#xE1;ctico-filos&#xF3;ficas. </subfield>
    <subfield code="b">Ense&#xF1;ar desde la "salida de s&#xED;" /</subfield>
  </datafield>
  <datafield tag="260" ind1=" " ind2=" ">
    <subfield code="a">Buenos Aires :</subfield>
    <subfield code="b">Noveduc,</subfield>
    <subfield code="c">2024</subfield>
  </datafield>
  <datafield tag="300" ind1=" " ind2=" ">
    <subfield code="a">60-65 p.</subfield>
  </datafield>
  <datafield tag="500" ind1=" " ind2=" ">
    <subfield code="a">Una de las comprensiones m&#xE1;s asumidas respecto a la filosof&#xED;a la caracteriza como un proceder problematizador. Dicha comprensi&#xF3;n tambi&#xE9;n est&#xE1; presente en el campo de la Did&#xE1;ctica de la Filosof&#xED;a, significando una especial exigencia para las pr&#xE1;cticas de ense&#xF1;anza en la formaci&#xF3;n del profesorado. Estas l&#xED;neas indagan los alcances y tensiones de la problematizaci&#xF3;n filos&#xF3;fica e invitan a repensarnos ante su potencialidad, en especial ante el desaf&#xED;o problem&#xE1;tico de ense&#xF1;ar a ense&#xF1;ar filosof&#xED;a y las posibles resonancias originarias con el pensamiento cient&#xED;fico. </subfield>
  </datafield>
  <datafield tag="650" ind1=" " ind2="7">
    <subfield code="a">FILOSOFIA </subfield>
    <subfield code="9">19848</subfield>
  </datafield>
  <datafield tag="650" ind1=" " ind2="7">
    <subfield code="a">FORMACION DE DOCENTES</subfield>
    <subfield code="9">1259</subfield>
  </datafield>
  <datafield tag="650" ind1=" " ind2="7">
    <subfield code="a">ENSE&#xD1;ANZA DE LA FILOSOFIA</subfield>
    <subfield code="9">10802</subfield>
  </datafield>
  <datafield tag="650" ind1=" " ind2="7">
    <subfield code="a">DIDACTICA</subfield>
    <subfield code="9">167</subfield>
  </datafield>
  <datafield tag="773" ind1="0" ind2=" ">
    <subfield code="0">20414</subfield>
    <subfield code="9">41866</subfield>
    <subfield code="d">Buenos Aires :  Noveduc,  1993-</subfield>
    <subfield code="t">Novedades Educativas</subfield>
    <subfield code="w">(AR-RoBPED)20414</subfield>
    <subfield code="x">03283534</subfield>
  </datafield>
  <datafield tag="942" ind1=" " ind2=" ">
    <subfield code="2">udc</subfield>
    <subfield code="c">REV</subfield>
    <subfield code="h">37(05)</subfield>
    <subfield code="m">Nov 86 N&#xB0; 398 (Sept.2024)</subfield>
    <subfield code="a">k.32623</subfield>
  </datafield>
  <datafield tag="945" ind1=" " ind2=" ">
    <subfield code="a">mar 04/2026</subfield>
  </datafield>
  <datafield tag="999" ind1=" " ind2=" ">
    <subfield code="c">32623</subfield>
    <subfield code="d">32623</subfield>
  </datafield>
</record>
